LDR 00553naa#a2200169#i#450# 001 EN\\bibl\123041 005 20260513090355.3 011 ## _a2409-1073 100 ## _a20230920b2023####ek#y0engy0150####ca 102 ## _aRU 200 1# _aRevisiting the teaching of Japanese collocations at elementary level _eJournal article 210 1# _aMoscow _cNational Research University of Electronic Technology _d2023 215 ## _a0 с. 608 ## _aJournal article _2local 675 ## _aОбучение языкам. 372.881.1 _z 700 #1 _aNurgaliev _gIlnaz R. 856 4# _aesgi-journal.ru _u